villes dangereuse - Statistiques

Statistiques générales
  • Ce quiz a été pris 34 fois
  • Le résultat moyen est 3 sur 10
Statistiques - réponses
Hint Réponse % Correct
2 Marseille
100%
4 Lyon
59%
6 Nantes
41%
9 Toulouse
30%
8 Grenoble
26%
1 Saint-Denis
22%
10 Perpignan
7%
3 Argenteuil
4%
7 Clichy-sous-Bois
0%
5 Evry
0%
Aucun quiz correspondant
Distribution des résultats
% des personnes avec chaque résultat
Percentile par nombre de réponses
Votre historique - résultats
Vous n’avez pas pris ce quiz